00275nam a2200109Ia 4500008004100000100001600041245003100057260004700088300000800135942000700143999001500150190216s9999||||xx |||||||||||||| ||und|| aDas Gupta N 0aAccounting For Agriculture bPublications Division Govt. Of Indiac1980 a33p cBK c4820d4820